000 00390nam a2200157Ia 4500
008 230524s9999 xx 000 0 und d
082 _a620.0042503
_bSRI
100 _aR.K. Srivastava
_942044
245 0 _aComputer Aided Design Lab Work
250 _a1
260 _aNew Delhi
_bUmesh Publication
300 _a92p;
500 _aQuantity Number: 1
650 _aComp-Sc
942 _cBK
999 _c56461
_d56461